| 000 | 01104nam a2200253Ia 4500 | ||
|---|---|---|---|
| 999 |
_c39301 _d39301 |
||
| 001 | 5887 | ||
| 003 | GE_BSU | ||
| 005 | 20191028153122.0 | ||
| 008 | 181216s2012||||ge |||||||||||||| ||geo|| | ||
| 020 | _a9789941434037 | ||
| 040 | _cGE_BSU | ||
| 041 | _ageo | ||
| 080 | _a543(075.8) კ-49 | ||
| 100 |
_aკიკნაძე, ნინო _93896 |
||
| 245 |
_aანალიზური ქიმია : _bსახელმძღვანელო / _c ნინო კიკნაძე ; რედ. თ. ანდრონიკაშვილი. |
||
| 264 |
_aბათუმი : _bშოთა რუსთაველის სახელმწ. უნ-ტის გამ-ბა, _c2012. |
||
| 300 |
_a366 გვ. : _bნახ. ; _c20 სმ. |
||
| 504 | _aბიბლიოგრ.: გვ. 359-360. | ||
| 541 | _h9ლ. 41თ. | ||
| 653 | _aანალიზური ქიმია | ||
| 700 |
_aანდრონიკაშვილი, თ. _eრედაქტორი _95030 |
||
| 710 |
_a ბათუმის სახელმწ. უნ-ტი _95031 |
||
| 942 |
_cBK _2udc |
||